[Event "Gibraltar Masters 18th"]
[Site "Caleta"]
[Date "2020.01.29"]
[Round "9"]
[White "Teh, Wee Zhun"]
[Black "Stolniceanu, Victor Dumitru"]
[Result "1-0"]
[WhiteElo "1857"]
[BlackElo "2074"]
[PlyCount "127"]
[EventDate "2020.01.21"]
[EventType "swiss"]
[EventRounds "10"]
[EventCountry "GGB"]
[SourceTitle "CBM 194 Extra"]
[Source "ChessBase"]
[SourceDate "2020.03.31"]
[SourceVersion "1"]
[SourceVersionDate "2020.03.31"]
[SourceQuality "1"]

1. d4 d5 2. c4 e6 3. Nc3 Bb4 4. Qa4+ Nc6 5. e3 Bd7 6. Qc2 Nf6 7. Bd2 a6 8. Nf3 0-0 9. a3 Be7 10. h3 dxc4 11. Bxc4 h6 12. 0-0 Bd6 13. Ba2 Re8 14. Rad1 b5 15. d5 exd5 16. Nxd5 Ne5 17. Nxe5 Bxe5 18. Bc3 Nxd5 19. Bxd5 Bxc3 20. Bxa8 Be5 21. Rxd7 Qxa8 22. Qf5 Bxb2 23. Qxf7+ Kh8 24. Rxc7 Rf8 25. Qb3 Be5 26. Rd7 Qc6 27. Qd5 Qf6 28. f4 Bb2 29. Qd6 Qxd6 30. Rxd6 Bxa3 31. Rxa6 Bc5 32. Re6 b4 33. g3 b3 34. Kf2 Ra8 35. Rb1 Ra2+ 36. Kf3 b2 37. Re8+ Kh7 38. Rb8 Ba3 39. Rb3 Kg6 40. Rxa3 Rxa3 41. Rxb2 Ra6 42. g4 Kf6 43. h4 g5 44. hxg5+ hxg5 45. f5 Ke5 46. Rb5+ Kf6 47. Rb8 Ra7 48. Rb6+ Ke5 49. Re6+ Kd5 50. Rg6 Ra1 51. Rxg5 Rf1+ 52. Kg2 Ra1 53. f6+ Ke6 54. Rf5 Kf7 55. g5 Ra8 56. Re5 Kg6 57. e4 Ra3 58. Rf5 Ra8 59. f7 Rf8 60. Kf3 Kg7 61. Kf4 Kg6 62. Ke5 Rxf7 63. Rxf7 Kxf7 64. Kd6 1-0

[Event "Gibraltar Masters 18th"]
[Site "Caleta"]
[Date "2020.01.25"]
[Round "5"]
[White "Fernandez, Maria Florencia"]
[Black "Stolniceanu, Victor Dumitru"]
[Result "1-0"]
[WhiteElo "2227"]
[BlackElo "2074"]
[PlyCount "103"]
[EventDate "2020.01.21"]
[EventType "swiss"]
[EventRounds "10"]
[EventCountry "GGB"]
[SourceTitle "CBM 194 Extra"]
[Source "ChessBase"]
[SourceDate "2020.03.31"]
[SourceVersion "1"]
[SourceVersionDate "2020.03.31"]
[SourceQuality "1"]

1. d4 d5 2. c4 e6 3. Nc3 Bb4 4. Nf3 dxc4 5. e3 Bxc3+ 6. bxc3 b5 7. a4 c6 8. Ne5 Bb7 9. Qh5 Qc7 10. Qg4 g6 11. e4 Nf6 12. Qh4 Nbd7 13. f3 Nh5 14. Nxd7 Qxd7 15. g4 Ng7 16. Bh6 0-0 17. Qf6 Ne8 18. Qe5 f6 19. Qc5 Rf7 20. axb5 cxb5 21. Rxa7 Rc8 22. Qb4 Ra8 23. Rxa8 Bxa8 24. Be2 Bc6 25. Be3 f5 26. gxf5 gxf5 27. Rg1+ Rg7 28. Rxg7+ Nxg7 29. e5 Qd8 30. Qc5 Be8 31. Kd2 Qh4 32. d5 f4 33. Bd4 Qxh2 34. d6 Qh5 35. Qc7 Qf7 36. Qd8 h6 37. Qh4 Kh7 38. Bd1 h5 39. Bc2+ Kh6 40. Qf6+ Qxf6 41. exf6 e5 42. fxg7 Kxg7 43. Bxe5+ Kf7 44. Bxf4 Ke6 45. Be4 h4 46. Ke3 h3 47. Kd4 Kf6 48. Kc5 Ke6 49. Bh2 Bd7 50. Bc6 Bxc6 51. Kxc6 b4 52. d7 1-0

[Event "Gibraltar Challengers op-B"]
[Site "Caleta"]
[Date "2020.01.25"]
[Round "1"]
[White "Olufemi, George"]
[Black "Stolniceanu, Victor Dumitru"]
[Result "0-1"]
[WhiteElo "1803"]
[BlackElo "2074"]
[PlyCount "98"]
[EventDate "2020.01.25"]
[EventType "swiss"]
[EventRounds "5"]
[EventCountry "GGB"]
[SourceTitle "CBM 194 Extra"]
[Source "ChessBase"]
[SourceDate "2020.03.31"]
[SourceVersion "1"]
[SourceVersionDate "2020.03.31"]
[SourceQuality "1"]

1. e4 e5 2. Nf3 Nc6 3. d4 exd4 4. Bc4 Bb4+ 5. c3 dxc3 6. 0-0 d6 7. bxc3 Bc5 8. Nbd2 Nf6 9. Nb3 Bb6 10. a4 a5 11. Ba3 Bg4 12. Qc2 Bxf3 13. gxf3 Ne5 14. Be2 Nh5 15. Nd4 Nf4 16. Kh1 Qh4 17. Rg1 0-0 18. Rg3 g6 19. Qd2 Kh8 20. Rb1 Rad8 21. Bb2 Nh5 22. Kg2 Nxg3 23. hxg3 Qe7 24. Rh1 Rg8 25. Qh6 Rg7 26. c4 f6 27. Qd2 Qd7 28. f4 Nf7 29. Rh4 Rf8 30. Bg4 Qe7 31. Ne6 Nd8 32. Nxg7 Kxg7 33. f5 Nf7 34. Bf3 g5 35. Rh1 h6 36. Re1 Qd7 37. Bd1 Qc6 38. Qe2 Re8 39. Qh5 Nh8 40. Bxf6+ Kxf6 41. Qxh6+ Ke7 42. f6+ Kd8 43. f7 Nxf7 44. Qf6+ Re7 45. Bh5 Qxc4 46. e5 Qe6 47. Qf3 Nxe5 48. Qxb7 g4 49. Rc1 Qf5 0-1

[Event "Gibraltar Masters 18th"]
[Site "Caleta"]
[Date "2020.01.24"]
[Round "4"]
[White "Stolniceanu, Victor Dumitru"]
[Black "Obiamiwe, Paul"]
[Result "1-0"]
[WhiteElo "2074"]
[BlackElo "1920"]
[PlyCount "61"]
[EventDate "2020.01.21"]
[EventType "swiss"]
[EventRounds "10"]
[EventCountry "GGB"]
[SourceTitle "CBM 194 Extra"]
[Source "ChessBase"]
[SourceDate "2020.03.31"]
[SourceVersion "1"]
[SourceVersionDate "2020.03.31"]
[SourceQuality "1"]

1. e4 e5 2. Nf3 Nc6 3. Bb5 a6 4. Bxc6 dxc6 5. h3 Qf6 6. 0-0 h6 7. d3 Bd7 8. Nbd2 Ne7 9. b3 Ng6 10. Bb2 0-0-0 11. Nc4 Re8 12. Nfxe5 Rxe5 13. f4 Qh4 14. Nxe5 Nxe5 15. Bxe5 Bxh3 16. Qf3 Bg4 17. Qf2 Qe7 18. Qa7 Qb4 19. Kh2 f6 20. c3 Qb5 21. c4 Qa5 22. b4 Qa3 23. Bd4 h5 24. Bc5 h4 25. Bxf8 Qxd3 26. Bxg7 Qg3+ 27. Kg1 Rg8 28. Qa8+ Kd7 29. Qxg8 h3 30. Rad1+ Ke7 31. Bf8+ 1-0

[Event "Gibraltar Masters 18th"]
[Site "Caleta"]
[Date "2020.01.22"]
[Round "2"]
[White "De Haan, Eric"]
[Black "Stolniceanu, Victor Dumitru"]
[Result "1-0"]
[WhiteElo "2308"]
[BlackElo "2074"]
[PlyCount "47"]
[EventDate "2020.01.21"]
[EventType "swiss"]
[EventRounds "10"]
[EventCountry "GGB"]
[SourceTitle "CBM 194 Extra"]
[Source "ChessBase"]
[SourceDate "2020.03.31"]
[SourceVersion "1"]
[SourceVersionDate "2020.03.31"]
[SourceQuality "1"]

1. d4 d5 2. c4 e6 3. Nc3 dxc4 4. e4 Nc6 5. Nf3 Na5 6. Bxc4 Nxc4 7. Qa4+ Bd7 8. Qxc4 a6 9. 0-0 b5 10. Qb3 Bc6 11. d5 Bd7 12. Rd1 Qe7 13. Bf4 c5 14. dxc6 Bxc6 15. Nd5 Bxd5 16. exd5 Qb4 17. Qc2 Qc5 18. Qe2 Qc4 19. Qe5 Rd8 20. dxe6 Rxd1+ 21. Rxd1 Ne7 22. Rc1 Nc6 23. exf7+ Kxf7 24. Qf5+ 1-0

[Event "Gibraltar Challengers op-A"]
[Site "Caleta"]
[Date "2020.01.22"]
[Round "3"]
[White "Stolniceanu, Victor Dumitru"]
[Black "Kaplan, Amiram"]
[Result "1-0"]
[WhiteElo "2074"]
[BlackElo "1880"]
[PlyCount "48"]
[EventDate "2020.01.20"]
[EventType "swiss"]
[EventRounds "5"]
[EventCountry "GGB"]
[SourceTitle "CBM 194 Extra"]
[Source "ChessBase"]
[SourceDate "2020.03.31"]
[SourceVersion "1"]
[SourceVersionDate "2020.03.31"]
[SourceQuality "1"]

1. e4 e6 2. d4 d5 3. Bd3 dxe4 4. Bxe4 Nf6 5. Bf3 Be7 6. Ne2 0-0 7. 0-0 Nbd7 8. Nbc3 e5 9. Re1 h6 10. g3 Re8 11. Bg2 a6 12. dxe5 Nxe5 13. Bf4 Nc6 14. Bxc6 bxc6 15. Qxd8 Bxd8 16. Nd4 Bd7 17. Na4 Rb8 18. Nc5 Kf8 19. b3 Rb6 20. a4 a5 21. Bd2 Rxe1+ 22. Rxe1 Be8 23. Bxa5 Rb8 24. Na6 Nd5 1-0

[Event "Verbandsliga Suedbaden 1617"]
[Site "Baden"]
[Date "2017.05.14"]
[Round "9.4"]
[White "Stolniceanu, Victor Dumitru"]
[Black "Scherer, Helmut"]
[Result "0-1"]
[WhiteElo "2081"]
[BlackElo "2278"]
[PlyCount "76"]
[EventDate "2016.10.09"]
[EventType "team-tourn"]
[EventRounds "9"]
[EventCountry "GER"]
[SourceTitle "EXT 2022"]
[Source "ChessBase"]
[SourceDate "2021.10.06"]
[SourceVersion "1"]
[SourceVersionDate "2021.10.06"]
[SourceQuality "1"]
[WhiteTeam "Gottmadingen"]
[BlackTeam "Zaehringen"]
[WhiteTeamCountry "GER"]
[BlackTeamCountry "GER"]

1. e4 e5 2. Nf3 Nc6 3. Bb5 a6 4. Bxc6 dxc6 5. 0-0 f6 6. h3 c5 7. d3 Ne7 8. Nc3 Be6 9. b3 g5 10. Be3 Ng6 11. g4 h5 12. Nh2 hxg4 13. hxg4 Qd7 14. f3 0-0-0 15. Rf2 Rh3 16. Qf1 Qh7 17. Rd1 Bd6 18. Rdd2 Rh8 19. Qg2 Nf4 20. Bxf4 exf4 21. Ne2 Rg3 22. Nxg3 fxg3 23. Rfe2 gxh2+ 24. Kh1 Be5 25. Rd1 Qd7 26. Qf2 b6 27. Qe1 Qd4 28. c3 Qxc3 29. Qxc3 Bxc3 30. Rxh2 Rxh2+ 31. Kxh2 a5 32. Kg3 Be5+ 33. Kf2 a4 34. Rb1 a3 35. Ke2 Bb2 36. Ke3 Bxb3 37. axb3 a2 38. Rh1 Bd4+ 0-1

[Event "Verbandsliga Sued Baden 1314"]
[Site "Germany"]
[Date "2013.12.08"]
[Round "3.7"]
[White "Lang, Alexander"]
[Black "Stolniceanu, Victor Dumitru"]
[Result "1-0"]
[WhiteElo "2079"]
[BlackElo "2134"]
[PlyCount "99"]
[EventDate "2013.10.20"]
[EventType "team-tourn"]
[EventRounds "9"]
[EventCountry "GER"]
[SourceTitle "EXT 2015"]
[Source "ChessBase"]
[SourceDate "2014.11.20"]
[SourceVersion "1"]
[SourceVersionDate "2014.11.20"]
[SourceQuality "1"]
[WhiteTeam "Oberwinden"]
[BlackTeam "Gottmadingen"]
[WhiteTeamCountry "GER"]
[BlackTeamCountry "GER"]

1. d4 g6 2. Nf3 Bg7 3. Bf4 d6 4. h3 c5 5. e3 Nc6 6. c3 cxd4 7. exd4 Qb6 8. Qb3 Qxb3 9. axb3 e5 10. dxe5 dxe5 11. Be3 Nge7 12. b4 Nd5 13. Bc5 b6 14. Bb5 Bd7 15. Bd6 e4 16. Nfd2 f5 17. 0-0 Ne5 18. Ba6 Nf4 19. Bb7 Kf7 20. Bxa8 Rxa8 21. Bxe5 Bxe5 22. Nc4 Bc7 23. Rd1 Ke7 24. Ne3 Be6 25. Na3 Nd3 26. Nb5 Bb8 27. Rd2 f4 28. Nd1 a6 29. f3 Bc4 30. Na3 e3 31. Nxc4 exd2 32. Kf1 Bc7 33. Nxd2 a5 34. Ke2 Ne5 35. Nf2 Rb8 36. b5 Ke6 37. Ra4 g5 38. Nb3 Rd8 39. Nd4+ Kd5 40. Ne4 Nd7 41. Nc6 Re8 42. Rd4+ Ke6 43. Nxg5+ Kf5+ 44. Re4 Be5 45. Nf7 Re6 46. Nfxe5 Nxe5 47. Nd4+ Kf6 48. Rxf4+ Ke7 49. Nxe6 Kxe6 50. Rh4 1-0

[Event "Verbandsliga Sued Baden 1112"]
[Site "Germany"]
[Date "2011.11.27"]
[Round "3.6"]
[White "Stolniceanu, Victor Dumitru"]
[Black "Mueller, Philip"]
[Result "0-1"]
[WhiteElo "2135"]
[BlackElo "2101"]
[PlyCount "52"]
[EventDate "2011.10.09"]
[EventType "team-tourn"]
[EventRounds "9"]
[EventCountry "GER"]
[SourceTitle "EXT 2013"]
[Source "ChessBase"]
[SourceDate "2012.11.22"]
[SourceVersion "1"]
[SourceVersionDate "2012.11.22"]
[SourceQuality "1"]
[WhiteTeam "Gottmadingen"]
[BlackTeam "Horben"]
[WhiteTeamCountry "GER"]
[BlackTeamCountry "GER"]

1. e4 c5 2. Nf3 d6 3. Bc4 Nc6 4. h3 g6 5. d4 cxd4 6. Nxd4 Bg7 7. c3 Nf6 8. Qc2 0-0 9. Be3 d5 10. exd5 Nxd5 11. Nxc6 Nxe3 12. fxe3 bxc6 13. Nd2 Qb6 14. 0-0-0 Qxe3 15. Rde1 Qg5 16. g4 Bh6 17. Rh2 Rd8 18. Ree2 Qc5 19. Qe4 a5 20. Kc2 Ba6 21. Bxa6 Rxa6 22. Nb3 Qg1 23. Rh1 Qg3 24. Rg2 Qf4 25. Qxe7 Raa8 26. g5 Re8 0-1

[Event "Verbandsliga Sued Baden 1011"]
[Site "Baden"]
[Date "2010.10.17"]
[Round "1.3"]
[White "Bochis, Julia"]
[Black "Stolniceanu, Victor Dumitru"]
[Result "1-0"]
[WhiteElo "2085"]
[BlackElo "2135"]
[PlyCount "79"]
[EventDate "2010.10.17"]
[EventType "team-tourn"]
[EventRounds "9"]
[EventCountry "GER"]
[SourceTitle "EXT 2012"]
[Source "ChessBase"]
[SourceDate "2011.11.24"]
[SourceVersion "1"]
[SourceVersionDate "2011.11.24"]
[SourceQuality "1"]
[WhiteTeam "Baden-Baden IV"]
[BlackTeam "Gottmadingen"]
[WhiteTeamCountry "GER"]
[BlackTeamCountry "GER"]

1. e4 e5 2. Nf3 Nc6 3. Bb5 Nge7 4. 0-0 a6 5. Ba4 b5 6. Bb3 Ng6 7. c3 Be7 8. d4 Bf6 9. a4 Bb7 10. d5 Na5 11. Bc2 0-0 12. Na3 c6 13. b4 Nc4 14. Nxc4 bxc4 15. d6 Re8 16. a5 Nf4 17. Be3 Re6 18. Bc5 g5 19. g3 Nh3+ 20. Kg2 g4 21. Nd2 h5 22. f3 Bg5 23. Nxc4 Nf4+ 24. Kh1 Ng6 25. fxg4 h4 26. Rf5 f6 27. Kg2 Kg7 28. Nb6 Rb8 29. Bb3 Re8 30. Qf1 Rh8 31. Qc4 Qe8 32. Raf1 Nf8 33. Rxg5+ fxg5 34. Rf7+ Kg6 35. Re7 hxg3 36. hxg3 Ne6 37. Rxe8 Rbxe8 38. Nxd7 Rh7 39. Nxe5+ Kf6 40. d7 1-0